000 00745nam a22002055i 4500
001 153490
003 ES-MaACL
005 20230906205239.0
008 051004s1896 gw | |||||||| ||ger d
040 _aCAM
_bspa
_cCAM
245 0 0 _aDie Gedichte des Folquet von Romans /
_cherausgegeben von Rudolf Zenker.
260 _aHalle A.S. :
_bMax Niemeyer,
_c1896 (
_fEhrhardt Karras)
300 _aVIII, 91 p. ;
_c20 cm.
490 1 _aRomanische Bibliothek / herausgegeben von Wendelin Foerster ;
_v12
700 1 _aZenker, Rudolf,
_eed. lit.
_9134034
752 _aAlemania -
_dHalle
830 0 _aRomanische Bibliothek / herausgegeben von Wendelin Foerster ;
_v12
_9188145
852 _aES-MaACL
_jG-13866
_z-- Rust.
999 _c153490
_d153490